000 00555nam a2200193Ia 4500
005 20250326142303.0
008 250326s9999 xx 000 0 und d
020 _a.
037 _aTextbook
040 _aFMSL
_beng
_cFMSL
041 _aeng
_2eng
084 _aX:46.44 P1
_qFMSL
100 _aSengupta R
_9210139
245 0 _aSustainable transport pricing in India
_cSengupta R
260 _aNew Delhi
_bNew Delhi, Asian Inst. of Transport Development
_c2001
300 _a101p
942 _cTB
_hX:46.44 P1
999 _c1294309
_d1294309